01601nam a22002417a 4500999001500000003000900015005001700024008004100041040002800082090002600110100004600136245028200182260004100464300002300505502016200528504005300690505029900743700004301042700003901085830009801124942001001222952012701232 c6364d6364DO-SdBJH20210722132957.0210722b ||||| |||| 00| 0 spa d aDO-SdBJHbspacDO-SdBJH aTG EGCEMAb01611 20191 aTorres Parra, Pedro Regaladoesustentante10aImpacto de la publicación e implementación del Libro Blanco para la Defensa en la Policía Nacional(Política de Defensa Nacional, Libro Blanco para la Defensa), 2019-2020 / c Pedro Regalado Torres Parra, asesores Santana González, Rocío C., Tebi Enrique Rodríguez aSanto Domingo Este :bINSUDE, c2019 axiii, 52 páginas aTesis (Especialidad en Comando y Estado Mayor Aéreo). -- Instituto Superior para la Defensa (INSUDE). Escuela de Graduados de Estudios Aeronáuticos, 2019 aIncluye referencias bibliográficas e índices aAntecedentes de la publicación del Libro Blanco para la Defensa Nacional. -- Analizar la directiva de Seguridad y Defensa Nacional entorno al uso del Libro Blanco. -- Impacto de los planes, programas y proyectos en la publicación e implementación del Libro Blanco para la Defensa Nacional1 aRocío C., Santana Gonzálezeasesor1 aRodríguez, Tebi Enrique easesor aINSUDE. Escuela de Graduados de Estudios Aeronáuticos. Tesis y disertaciones académicas 2CLcT 00102CL40718TGaBJHAbBJHAd2021-07-22i01611l0oTG EGCEMA 01611 2019p01611r2021-07-22 00:00:00te.1w2021-07-22yT